| 000 | 01300nam a2200337Ia 4500 | ||
|---|---|---|---|
| 001 | ebr10438139 | ||
| 003 | CaPaEBR | ||
| 006 | m u | ||
| 007 | cr cn||||||||| | ||
| 008 | 101004s2010 coua sb 001 0 eng d | ||
| 010 | _z 2010042218 | ||
| 020 | _z9781607320562 | ||
| 020 | _z9781607320579 | ||
| 020 | _z9781607320586 | ||
| 040 |
_aCaPaEBR _cCaPaEBR |
||
| 035 | _a(OCoLC)704348251 | ||
| 050 | 1 | 4 |
_aHD9199.G82 _bL96 2010eb |
| 082 | 0 | 4 |
_a338.1/7373097281 _222 |
| 100 | 1 | _aLyon, Sarah. | |
| 245 | 1 | 0 |
_aCoffee and community _h[electronic resource] : _bMaya farmers and fair-trade markets / _cSarah Lyon. |
| 260 |
_aBoulder, Colo. : _bUniversity Press of Colorado, _c2010. |
||
| 300 |
_aix, 266 p. : _bill. |
||
| 504 | _aIncludes bibliographical references and index. | ||
| 533 |
_aElectronic reproduction. _bPalo Alto, Calif. : _cebrary, _d2011. _nAvailable via World Wide Web. _nAccess may be limited to ebrary affiliated libraries. |
||
| 650 | 0 |
_aCoffee industry _zGuatemala. |
|
| 650 | 0 |
_aCoffee _xSocial aspects _zGuatemala. |
|
| 650 | 0 |
_aCompetition, Unfair _zGuatemala. |
|
| 655 | 7 |
_aElectronic books. _2local |
|
| 710 | 2 | _aebrary, Inc. | |
| 856 | 4 | 0 |
_uhttp://site.ebrary.com/lib/rucke/Doc?id=10438139 _zAn electronic book accessible through the World Wide Web; click to view |
| 999 |
_c133249 _d133249 |
||